| 000 | 00696nam a22002297a 4500 | ||
|---|---|---|---|
| 003 | OSt | ||
| 005 | 20131125102528.0 | ||
| 008 | 130528s1995 sp ||||| |||| 00| 0 spa d | ||
| 020 | _a8489607192 | ||
| 040 | _cCDMR | ||
| 100 | 1 |
_92551 _aMolinero, César |
|
| 245 | 1 | 0 |
_aTeoría y fuentes del derecho de la información _cCésar Molinero |
| 250 | _a2a ed. rev. | ||
| 260 |
_aBarcelona _bEUB |
||
| 260 |
_bEscuela Superior de Relaciones Públicas _c1995 |
||
| 300 | _a238 p. | ||
| 490 | 0 |
_aComunicación y Relaciones Públicas _v6 |
|
| 650 | 0 | 4 |
_91574 _aLlibertat d'informació _yHistòria |
| 650 | 0 | 4 |
_93195 _aDrets humans |
| 650 | 0 | 4 |
_92737 _aPremsa _xDret i legislació _zEspanya |
| 942 |
_2udc _cMON |
||
| 999 |
_c6337 _d6337 |
||